| 000 | 00469nam a22001577a 4500 | ||
|---|---|---|---|
| 005 | 20250109154544.0 | ||
| 008 | 250109b |||||||| |||| 00| 0 eng d | ||
| 020 | _a1-60037-009-8 | ||
| 050 |
_aHF 5415 .L44 2006 _bC.1 |
||
| 100 | _aLEE, CHRIS | ||
| 245 | _aMARKETING WORKS : UNLOKING BIG COMPANY STRATEGIES FOR SMALL BUSINESS | ||
| 260 |
_aGARDEN CITY _bMORGAN . JAMES PUBLISHER _c2006 |
||
| 300 | _aXII, 178 P. | ||
| 500 | _aINCLUDES INDEX | ||
| 942 |
_2lcc _cBK |
||
| 999 |
_c214308 _d214308 |
||